000 00751nam a2200289Ia 4500
005 20260324132454.0
008 008 260324s9999 xx 000 0 eng d
020 _a9781410611253
037 _aEBOOK
040 _aCRL
040 _beng
040 _cCRL
041 _2eng
041 _aeng
084 _qCRL
100 _aPatricia S. Parker
_91189406
245 0 _aRace, Gender, and Leadership
245 0 _bRe-envisioning Organizational Leadership From the Perspectives of African American Women Executives
260 _bTaylor and Francis
260 _c2004
365 _a
365 _b230
856 _uhttp://www.taylorfrancis.com/books/9781410611253
942 _cEBOOK
999 _c1787554
_d1787554